Library Logo

Pioneer International University Library Catalogue

THE COURSE FORA-LEVEL (Record no. 5929)

MARC details
000 -LEADER
fixed length control field 00228nam a22000977a 4500
005 - DATE AND TIME OF LATEST TRANSACTION
control field 20250901165549.0
008 - FIXED-LENGTH DATA ELEMENTS--GENERAL INFORMATION
fixed length control field 211016b |||||||| |||| 00| 0 eng d
050 ## - LIBRARY OF CONGRESS CALL NUMBER
Classification number QA 39.2 .B 67 1981
245 ## - TITLE STATEMENT
Title THE COURSE FORA-LEVEL
942 ## - ADDED ENTRY ELEMENTS (KOHA)
Source of classification or shelving scheme Library of Congress Classification
Holdings
Withdrawn status Lost status Source of classification or shelving scheme Damaged status Not for loan Home library Current library Shelving location Date acquired Total checkouts Full call number Barcode Date last seen Date last checked out Price effective from Koha item type
    Library of Congress Classification     Main Library Main Library   10/16/2021 2 QA 39.2 .B 67 1981 PIU0001116 11/02/2023 09/19/2023 10/16/2021 Books